Spokojnosť spotrebiteľa ako predpoklad úspechu podniku

Pre podnik je najdôležitejší zákazník, ako odberateľ jeho výrobkov alebo služieb. Spokojnosť spotrebiteľa. Tvorba hodnoty a spokojnosť zákazníka. Hodnotenie spokojnosti zákazníka.

Salvato in:
Dettagli Bibliografici
Autore principale: Babčaníková, Katarína
Natura: Capitolo di libro
Lingua:slovacco
Soggetti:
Tags: Aggiungi Tag
Nessun Tag, puoi essere il primo ad aggiungerne!!

MARC

LEADER 00000nla$a2200000$$$4500
001 0117109
005 20220718135616.9
041 0 |a slo 
044 |a SK 
245 1 0 |a Spokojnosť spotrebiteľa ako predpoklad úspechu podniku  |c Katarína Babčaníková 
520 |a Pre podnik je najdôležitejší zákazník, ako odberateľ jeho výrobkov alebo služieb. Spokojnosť spotrebiteľa. Tvorba hodnoty a spokojnosť zákazníka. Hodnotenie spokojnosti zákazníka. 
610 2 0 |a spotrebitelia 
610 2 0 |a spokojnosť zákazníkov 
610 2 0 |a správanie spotrebiteľa 
610 2 0 |a podnik 
100 1 |a Babčaníková, Katarína